| 000 | 00392nam a2200133 4500 | ||
|---|---|---|---|
| 999 |
_c7701 _d7701 |
||
| 008 | 171109b xxu||||| |||| 00| 0 eng d | ||
| 022 | _a01181831 | ||
| 082 | _aDPer 613.05 H34 Jul-Nov 2013 | ||
| 245 | _aWalking away from diabetes. | ||
| 260 |
_aPhilippines: _bMIMS Pte Ltd KDN, _c©2013. |
||
| 300 |
_a page 26: _billustrations; _c28 cm. |
||
| 650 | 0 |
_923173 _aDiabetes. |
|
| 942 |
_2ddc _cPER |
||